Open Data Biblioteca Nacional de Portugal


República Portuguesa: Ministério da Cultura
Biblioteca Nacional de Portugal

Catálogo da BNP: acesso por Identificadores Unívocos
Registos Bibliográficos associados ao registo de autoridade

Etiqueta de registo: 00230nam 2200025 450
001 1693156
003 http://id.bnportugal.gov.pt/bib/catbnp/1693156
010 ## $a978-972-40-3658-8
021 ## $aPT$b287289/09
100 ## $a20081006d2008 m y0pory0103 ba
101 0# $apor
102 ## $aPT
105 ## $ay z 000yy
106 ## $ar
200 1# $aProcesso penal do Brasil e de Portugal$eestudo comparado$e as reformas portuguesa e brasileira$forg. L. G. Grandinetti Castanho de Carvalho... [et al.]
210 #9 $aCoimbra$cAlmedina,$d2008
215 ## $a153, [2] p.$d23 cm
320 ## $aBibliografia, p. 143-146
675 ## $a343$vBN$zpor$3289162
675 ## $a340$vBN$zpor$3288031
702 #1 $aCarvalho,$bL. G. Grandinetti Castanho de$4340$31348135
801 #0 $aPT$bBN$gRPC
900 ## $aBIBNAC$d20101018
966 ## $lBN$mFGMON$sS.C. 122741 V.$x1
966 ## $lBN$mFGMON$sS.C. 122741 V.-D$x1

OpendataBNP@bnportugal.pt | Mais informação sobre acesso aos dados BNP